[Event "Social Open 2024/1"]
[Site "SchemingMind.com"]
[Date "2024.01.03"]
[Round "-"]
[White "MazetaFighter"]
[Black "eliecercruzr"]
[Result "0-1"]
[WhiteCountry "GRE"]
[BlackCountry "CUB"]
[WhiteElo "2141"]
[WhiteRD "84"]
[BlackElo "2292"]
[BlackRD "59"]
[GameID "740849"]

1. e4 c5 2. Nf3 Nc6 3. Bb5 e6 4. O-O Nge7 5. Re1 a6 6. Bxc6 Nxc6 7. c3 Be7 8. d4 cxd4 9. Nxd4 O-O 10. Bf4 d6
11. Bg3 Nxd4 12. cxd4 Bd7 13. Nc3 b5 14. a3 a5 15. e5 d5 16. Qd3 Rc8 17. Nxb5 Bxb5 18. Qxb5 Rb8 19. Qe2 Qb6 20. Qd2 Qxb2
21. Qxa5 Ra8 22. Qc7 Bxa3
0-1

[Event "Social Open 2024/1"]
[Site "SchemingMind.com"]
[Date "2024.01.02"]
[Round "-"]
[White "eliecercruzr"]
[Black "Phillip Beckett"]
[Result "1-0"]
[WhiteCountry "CUB"]
[BlackCountry "ENG"]
[WhiteElo "2292"]
[WhiteRD "59"]
[BlackElo "1499"]
[BlackRD "52"]
[GameID "740850"]

1. e4 e5 2. Nf3 Nc6 3. Bc4 Nf6 4. d3 Be7 5. O-O d6 6. a3 O-O 7. h3 Nd4 8. Nxd4 exd4 9. Re1 c5 10. Bg5 h6
11. Bh4 Nh7 12. Bg3 Be6 13. Nd2 a6 14. a4 Bxc4 15. Nxc4 Rb8 16. a5 Ng5 17. f4 Ne6 18. f5 Nc7 19. Qf3 b5 20. axb6 Nb5
21. Rxa6 Qc8 22. Ra5 Rb7 23. e5 dxe5 24. Rxb5 Bf6 25. Nd6
1-0

[Event "Social Open 2024/1"]
[Site "SchemingMind.com"]
[Date "2024.01.02"]
[Round "-"]
[White "eliecercruzr"]
[Black "Chessibelle"]
[Result "1-0"]
[WhiteCountry "CUB"]
[BlackCountry "ENG"]
[WhiteElo "2292"]
[WhiteRD "59"]
[BlackElo "1055"]
[BlackRD "56"]
[GameID "740851"]

1. e4 e5 2. Nf3 Nc6 3. Bb5 Nge7 4. O-O g6 5. c3 b6 6. d4 f6 7. a4 Bg7 8. Bc4 h6 9. Re1 Bb7 10. Na3 a6
11. b4 a5 12. Nb5 d6 13. Ba3 Qd7 14. bxa5 bxa5 15. Be6 Qd8 16. Qb3 Rf8 17. Rad1 g5 18. Bg4 Rg8 19. dxe5 fxe5 20. Bh5+ Kd7
21. Nxd6 cxd6 22. Qxb7+ Ke6 23. Qb3+ Kf6 24. Qf7#
1-0

[Event "Social Open 2024/1"]
[Site "SchemingMind.com"]
[Date "2024.01.02"]
[Round "-"]
[White "Arnold Jones"]
[Black "eliecercruzr"]
[Result "0-1"]
[WhiteCountry "ENG"]
[BlackCountry "CUB"]
[WhiteElo "1524"]
[WhiteRD "67"]
[BlackElo "2292"]
[BlackRD "59"]
[GameID "740852"]

1. d4 d5 2. Nc3 Nf6 3. Bg5 Nbd7 4. Nf3 a6 5. g3 h6 6. Bxf6 Nxf6 7. Bg2 Bf5 8. O-O e6 9. a4 Be7 10. Na2 O-O
11. Nd2 Qd6 12. c4 Qb6 13. Nb3 dxc4 14. a5 Qxb3 15. Qxb3 cxb3 16. Bxb7 Ra7 17. e4 Rxb7 18. Nc3 Nxe4 19. Ne2 Nd2 20. Rfc1 Bg4
21. Nf4 Bf6 22. Ra4 Bxd4 23. Rxd4 Nf3+ 24. Kf1 Nxd4
0-1

[Event "Social Open 2024/1"]
[Site "SchemingMind.com"]
[Date "2024.01.03"]
[Round "-"]
[White "eliecercruzr"]
[Black "mattkirk78"]
[Result "1/2-1/2"]
[WhiteCountry "CUB"]
[BlackCountry "ENG"]
[WhiteElo "2292"]
[WhiteRD "59"]
[BlackElo "2234"]
[BlackRD "89"]
[GameID "740853"]

1. e4 e5 2. Nf3 Nc6 3. Bc4 Nf6 4. d3 Bc5 5. O-O d6 6. c3 O-O 7. b4 Bb6 8. Bb3 Ne7 9. Nbd2 Ng6 10. a4 c6
11. a5 Bc7 12. Re1 d5 13. Nf1 Be6=
1/2-1/2